5HLuxD.jpg

KING HENRY VIII SENIOR AND PRIMARY SCHOOL LIBRARY OPAC

The paper princess / (Record no. 1532)

000 -LEADER
fixed length control field 00743cam a2200241 a 4500
001 - CONTROL NUMBER
control field (Sirsi) a666474
003 - CONTROL NUMBER IDENTIFIER
control field OSt
005 - DATE AND TIME OF LATEST TRANSACTION
control field 20230112075603.0
008 - FIXED-LENGTH DATA ELEMENTS--GENERAL INFORMATION
fixed length control field 110401s1998 nyua b 000 0 eng d
020 ## - INTERNATIONAL STANDARD BOOK NUMBER
International Standard Book Number 9780140564242 (pbk.) :
040 ## - CATALOGING SOURCE
Original cataloging agency IJV
Transcribing agency IJV
Modifying agency CIN
-- TAE
-- KH8
042 ## - AUTHENTICATION CODE
Authentication code nbic
082 0# - DEWEY DECIMAL CLASSIFICATION NUMBER
Classification number 813.54 KLE
100 1# - MAIN ENTRY--PERSONAL NAME
Personal name Kleven, Elisa.
Relator term author
245 14 - TITLE STATEMENT
Title The paper princess /
Statement of responsibility, etc. written and illustrated by Elisa Kleven.
260 ## - PUBLICATION, DISTRIBUTION, ETC.
Place of publication, distribution, etc. New York :
Name of publisher, distributor, etc. Puffin,
Date of publication, distribution, etc. 1998.
300 ## - PHYSICAL DESCRIPTION
Extent [34] p. :
Other physical details col. ill. ;
Dimensions 28 cm.
520 ## - SUMMARY, ETC.
Summary, etc. A little girl makes a picture of a princess that comes to life and is carried off by the wind.
521 1# - TARGET AUDIENCE NOTE
Target audience note 4-8.
650 #1 - SUBJECT ADDED ENTRY--TOPICAL TERM
Topical term or geographic name entry element Drawing
Form subdivision Fiction.
650 #1 - SUBJECT ADDED ENTRY--TOPICAL TERM
Topical term or geographic name entry element Princesses
Form subdivision Fiction.
942 ## - ADDED ENTRY ELEMENTS (KOHA)
Source of classification or shelving scheme
Koha item type Books - Non Ficton
Holdings
Withdrawn status Lost status Source of classification or shelving scheme Damaged status Not for loan Collection code Permanent Location Current Location Shelving location Date acquired Total Checkouts Full call number Barcode Date last seen Date last checked out Price effective from Koha item type
          Non-Fiction KH8 Primary School Library KH8 Primary School Library Fiction 2023-01-12 2 813.54 KLE KHPL000003296 2025-12-05 2023-09-14 2023-01-12 Books - Non Ficton

Powered By KH8 IT Dept